Drama sebabak : (Record no. 88149)

MARC details
000 -LEADER
fixed length control field 00639cam a22002291 4500
001 - CONTROL NUMBER
control field sa 68018059
003 - CONTROL NUMBER IDENTIFIER
control field DLC
005 - DATE AND TIME OF LATEST TRANSACTION
control field 20260227112708.0
008 - FIXED-LENGTH DATA ELEMENTS--GENERAL INFORMATION
fixed length control field 720418s1966 io 000 1 ind
010 ## - LIBRARY OF CONGRESS CONTROL NUMBER
LC control number sa 68018059
025 ## - OVERSEAS ACQUISITION NUMBER
Overseas acquisition number PL480:Indo-5321
035 ## - SYSTEM CONTROL NUMBER
System control number (OCoLC)287372
040 ## - CATALOGING SOURCE
Original cataloging agency DLC
Transcribing agency OAU
Modifying agency WU
-- DLC
042 ## - AUTHENTICATION CODE
Authentication code premarc
050 00 - LIBRARY OF CONGRESS CALL NUMBER
Classification number PL5089.S478
Item number D7
100 1# - MAIN ENTRY--PERSONAL NAME
Personal name Simatupang, Iwan,
Dates associated with a name 1928-1970.
245 10 - TITLE STATEMENT
Title Drama sebabak :
Remainder of title Petang ditaman.
246 23 - VARYING FORM OF TITLE
Title proper/short title Petang ditaman
260 ## - PUBLICATION, DISTRIBUTION, ETC.
Place of publication, distribution, etc. Djakarta :
Name of publisher, distributor, etc. Penerbit Bakti Pustaka,
Date of publication, distribution, etc. [1966]
300 ## - PHYSICAL DESCRIPTION
Extent 28 p. ;
Dimensions 19 cm.
500 ## - GENERAL NOTE
General note Previously published in the periodical Roman.

No items available.

Powered by Koha